[Event "Florianopolis op 10th"]
[Site "Florianopolis"]
[Date "2024.01.20"]
[Round "1"]
[White "De Oliveira, Gualter Amelio"]
[Black "Gattass, Allan Arriada"]
[Result "0-1"]
[WhiteElo "1585"]
[BlackElo "2225"]
[PlyCount "74"]
[EventDate "2024.01.20"]
[EventType "swiss"]
[EventRounds "10"]
[EventCountry "BRA"]
[SourceTitle "CB05_2024"]
[SourceDate "2024.01.31"]
[SourceVersion "1"]
[SourceVersionDate "2024.01.31"]
[SourceQuality "1"]

1. e4 c5 2. Nc3 Nc6 3. g3 g6 4. d3 Bg7 5. Bg2 e6 6. Nge2 Nge7 7. f4 d5 8. 0-0 0-0 9. a4 dxe4 10. Nxe4 b6 11. Kh1 Bb7 12. Rb1 Qd7 13. Ng5 Nb4 14. Bxb7 Qxb7+ 15. Kg1 Rad8 16. b3 Ned5 17. Ne4 f5 18. Ng5 Rfe8 19. Rf2 e5 20. c3 Nxc3 21. Nxc3 exf4 22. Ne2 Nxd3 23. Qc2 fxg3 24. Qc4+ Qd5 25. hxg3 Nxf2 26. Kxf2 h6 27. Nf3 Re4 28. Qxd5+ Rxd5 29. Bb2 Bxb2 30. Rxb2 Rb4 31. Nf4 Rd6 32. Ne5 g5 33. Nc4 Rxc4 34. bxc4 gxf4 35. Rc2 fxg3+ 36. Kxg3 Kg7 37. Kf4 Kf6 0-1

[Event "Florianopolis op 9th"]
[Site "Florianopolis"]
[Date "2023.01.26"]
[Round "5"]
[White "De Oliveira, Gualter Amelio"]
[Black "Ribeiro, Regina"]
[Result "0-1"]
[WhiteElo "1563"]
[BlackElo "1842"]
[PlyCount "35"]
[EventDate "2023.01.23"]
[EventType "swiss"]
[EventRounds "10"]
[EventCountry "BRA"]
[SourceTitle "CBM 212 Extra"]
[Source "ChessBase"]
[SourceDate "2023.03.31"]
[SourceVersion "1"]
[SourceVersionDate "2023.03.31"]
[SourceQuality "1"]

1. e4 c6 2. d4 d5 3. Nc3 dxe4 4. Nxe4 Nf6 5. Nxf6+ exf6 6. Nf3 Bd6 7. Bd3 0-0 8. 0-0 Bg4 9. h3 Be6 10. Nh4 g6 11. f4 Bc7 12. Nf3 f5 13. Be3 Re8 14. Qc1 Bc8 15. g3 Bb6 16. c3 Qe7 17. Bd2 c5 18. Re1 0-1

[Event "Rio Branco Regional Norte"]
[Site "Rio Branco"]
[Date "2021.11.27"]
[Round "4"]
[White "Pereira, Elivan Dos Santos"]
[Black "De Oliveira, Gualter Amelio"]
[Result "1-0"]
[WhiteElo "1668"]
[BlackElo "1507"]
[PlyCount "85"]
[EventDate "2021.11.25"]
[EventType "swiss"]
[EventRounds "6"]
[EventCountry "BRA"]
[SourceTitle "CBM 205 Extra"]
[Source "ChessBase"]
[SourceDate "2022.01.31"]
[SourceVersion "1"]
[SourceVersionDate "2022.01.31"]
[SourceQuality "1"]

1. d4 f5 2. c4 e6 3. Nc3 Bb4 4. Qc2 c6 5. Nf3 Nf6 6. Bg5 h6 7. Bxf6 Qxf6 8. e3 Na6 9. Be2 b6 10. 0-0 Bb7 11. a3 Bxc3 12. Qxc3 0-0 13. Ne5 Rad8 14. Bf3 Nb8 15. c5 bxc5 16. dxc5 d5 17. g3 Nd7 18. Nxd7 Qxc3 19. bxc3 Rxd7 20. Rfb1 Ba6 21. Rb4 Rb7 22. Rab1 Rfb8 23. Rxb7 Rxb7 24. Rxb7 Bxb7 25. Be2 Kf7 26. f4 g6 27. h4 Ke7 28. Kf2 h5 29. Ke1 Kd7 30. Kd2 Kc7 31. Kc2 Kb8 32. Kb3 Kc7 33. Kb4 Bc8 34. Ka5 Kb8 35. c4 Kc7 36. cxd5 cxd5 37. Bb5 Bd7 38. a4 Bxb5 39. axb5 Kb7 40. c6+ Ka8 41. Ka6 Kb8 42. c7+ Kxc7 43. Kxa7 1-0

[Event "Rio Branco Regional Norte"]
[Site "Rio Branco"]
[Date "2021.11.26"]
[Round "3"]
[White "De Oliveira, Gualter Amelio"]
[Black "Ferreira, Rogerio Nunes"]
[Result "1-0"]
[WhiteElo "1507"]
[BlackElo "1694"]
[PlyCount "48"]
[EventDate "2021.11.25"]
[EventType "swiss"]
[EventRounds "6"]
[EventCountry "BRA"]
[SourceTitle "CBM 205 Extra"]
[Source "ChessBase"]
[SourceDate "2022.01.31"]
[SourceVersion "1"]
[SourceVersionDate "2022.01.31"]
[SourceQuality "1"]

1. e4 c6 2. Nc3 d5 3. d4 dxe4 4. Bc4 Nf6 5. Bg5 Bg4 6. Qd2 e6 7. Bxf6 Qxf6 8. Nxe4 Qg6 9. Bd3 Bf5 10. f3 Bxe4 11. fxe4 Be7 12. Nf3 Nd7 13. 0-0 0-0 14. c3 f5 15. Rae1 Bd6 16. exf5 exf5 17. Bc4+ Kh8 18. Re6 Rf6 19. Rfe1 Nb6 20. Bb3 Nd5 21. Bxd5 cxd5 22. Rxf6 Qxf6 23. Qg5 Qxg5 24. Nxg5 h6 1-0

[Event "Florianopolis op 5th"]
[Site "Florianopolis"]
[Date "2019.01.22"]
[Round "2"]
[White "Heinechen, John"]
[Black "De Oliveira, Gualter Amelio"]
[Result "1-0"]
[WhiteElo "2002"]
[BlackElo "1455"]
[PlyCount "113"]
[EventDate "2019.01.21"]
[EventType "swiss"]
[EventRounds "10"]
[EventCountry "BRA"]
[SourceTitle "CBM 188 Extra"]
[Source "ChessBase"]
[SourceDate "2019.02.26"]
[SourceVersion "1"]
[SourceVersionDate "2019.02.26"]
[SourceQuality "1"]

1. e4 e6 2. d4 d5 3. Nd2 dxe4 4. Nxe4 Nf6 5. Ng3 b6 6. Nf3 Bb7 7. Bb5+ c6 8. Bd3 Nbd7 9. Qe2 Be7 10. Bg5 h6 11. Bd2 Qc7 12. 0-0 0-0-0 13. c4 Rde8 14. b4 Bd6 15. c5 Bf4 16. cxb6 axb6 17. b5 Bxd2 18. bxc6 Bxc6 19. Nxd2 Nd5 20. Be4 Kb7 21. Rfc1 Rc8 22. Rab1 Qf4 23. Nh5 Qg5 24. Nc4 Kc7 25. f4 Nxf4 26. Nxf4 Qxf4 27. Nxb6 Kd6 28. Nxc8+ Rxc8 29. Bxc6 Rxc6 30. Rxc6+ Kxc6 31. Qc4+ Kd6 32. Qb4+ Kd5 33. Qc3 Kd6 34. Rb7 Ke7 35. h3 Qd6 36. Qc5 Qxc5 37. dxc5 Kd8 38. c6 Ne5 39. Kf2 g5 40. Ke3 h5 41. Ke4 f6 42. Rh7 Nxc6 43. Rxh5 Ke7 44. g4 Ne5 45. Rxg5 Nc4 46. Rc5 Nd6+ 47. Kf3 e5 48. g5 Nf5 49. Rc7+ Kd8 50. gxf6 Kxc7 51. f7 Nd4+ 52. Ke4 Ne6 53. Kxe5 Kd7 54. Kf6 Nf8 55. h4 Ne6 56. h5 Nf8 57. h6 1-0

[Event "Rio Branco Acre op 3rd"]
[Site "Rio Branco"]
[Date "2018.09.09"]
[Round "7"]
[White "De Oliveira, Gualter Amelio"]
[Black "Peixoto Filho, Paulo Roberto do Na"]
[Result "1-0"]
[WhiteElo "1461"]
[BlackElo "1791"]
[PlyCount "55"]
[EventDate "2018.09.06"]
[EventType "swiss"]
[EventRounds "7"]
[EventCountry "BRA"]
[SourceTitle "CBM 187 Extra"]
[Source "ChessBase"]
[SourceDate "2018.11.04"]
[SourceVersion "1"]
[SourceVersionDate "2018.11.04"]
[SourceQuality "1"]

1. e4 c5 2. Nf3 d6 3. d4 cxd4 4. Nxd4 Nf6 5. Nc3 g6 6. Be3 Bg7 7. Bc4 0-0 8. f3 e5 9. Nb3 Nc6 10. Qd2 Qc7 11. Nb5 Qd7 12. Qxd6 Qxd6 13. Nxd6 Rd8 14. Nxf7 Rf8 15. Nxe5+ Kh8 16. Nf7+ Kg8 17. Nd6+ Kh8 18. Nxc8 Raxc8 19. Be6 Nb4 20. Bxc8 Nxc2+ 21. Kd2 Nxa1 22. Rxa1 Rxc8 23. Rc1 Rd8+ 24. Ke2 Nh5 25. g4 Nf6 26. Rc7 Nd7 27. Bg5 Nf6 28. Rxg7 1-0